Realitný trh – nová realitná bublina
Vymedzenie a segmentácia realitného trhu. Základné súvislosti vývoja cien nehnuteľností. Fázy realitného cyklu: zotavenie, rozpínanie, prepísknutá ponuka, recesia. Súčasná pozícia realitného trhu v podmienkach SR. Vývoj cien bytov v Bratislavskom kraji. Vývoj úrokových sadzieb úverov na bývanie bez...
Saved in:
| Main Author: | |
|---|---|
| Format: | Book Chapter |
| Language: | Slovak |
| Subjects: | |
| Tags: |
No Tags, Be the first to tag this record!
|
MARC
| LEADER | 00000nla a2200000 4500 | ||
|---|---|---|---|
| 001 | 0223772 | ||
| 005 | 20240527082534.3 | ||
| 041 | 0 | |a slo | |
| 044 | |a SK | ||
| 245 | 1 | 0 | |a Realitný trh – nová realitná bublina |c Miroslav Jakubec |
| 520 | |a Vymedzenie a segmentácia realitného trhu. Základné súvislosti vývoja cien nehnuteľností. Fázy realitného cyklu: zotavenie, rozpínanie, prepísknutá ponuka, recesia. Súčasná pozícia realitného trhu v podmienkach SR. Vývoj cien bytov v Bratislavskom kraji. Vývoj úrokových sadzieb úverov na bývanie bez stavebných sporiteľní (2006-2015). Vývoj objemu úverov na bývanie (2008-2015). | ||
| 610 | 2 | 0 | |a trh realitný |
| 610 | 2 | 0 | |a nehnuteľnosti |
| 610 | 2 | 0 | |a budovy |
| 610 | 2 | 0 | |a pozemky |
| 610 | 2 | 0 | |a byty |
| 610 | 2 | 0 | |a vývoj |
| 610 | 2 | 0 | |a sadzby úrokové |
| 610 | 2 | 0 | |a úver |
| 610 | 2 | 0 | |a ceny |
| 610 | 2 | 0 | |a Slovensko |
| 100 | 1 | |a Jakubec, Miroslav | |